000 01293nam a22003017a 4500
008 130821s2002 mx a gr spa
020 _a9706136355
040 _aCo-BoUCM
_bspa
041 0 0 _aspa
100 1 _aHuff, Anne Sigismund
_9171694
245 1 3 _aEl cambio estratégico cuando las empresas cambian de orientación
_cAnne Sigismund Huff, James Oran Huff ; traducción, Enrique Cruz Mercado González
260 _aMéxico D.F. (México)
_bOxford University Press
_c2002
300 _axvi, 380 páginas
_bilustraciones, tablas, cuadros
500 _aEjemplar 3 Donación Dr. Guillermo Galán.
500 _aLibros de bodega disponibles en 24 horas a partir de la solicitud.
504 _aIncluye bibliografía e índice general.
650 0 4 _aAdministración de empresas
_9435
650 0 4 _aAdministración internacional
_98603
650 0 4 _aCambio organizacional
_97360
650 0 4 _aIndustria farmacéutica
_zEstados Unidos
_917457
650 0 4 _aPlanificación empresarial
_921660
650 0 4 _aPlanificación estratégica
_921662
700 1 _aCruz Mercado Gonzalez, Enrique
_etrad.
_9153288
700 1 _aHuff, James Oran
_9171695
765 _tWhen firms change direcction
942 _cLIBRO
_a16
_e1
_mH889c
_2DEWEY
_h658.4063
999 _c91586
_d91586